000 00324nam a22001457a 4500
008 210225b ||||| |||| 00| 0 eng d
020 _a2901285067666
041 _aeng
080 _27th
_a343.9
082 _a343.9
100 _a13
101 _aKRI
245 _aCriminal Justice in America
_cCole,G.F
942 _2udc
_cBK
999 _c55182
_d55182